Operačný program rozvoja vidieka

Štruktúra plánu rozvoja vidieka. Národný rozvojový plán (NRP). Podpora produktívneho poľnohospodárstva. Trvalo udržateľný rozvoj vidieka. Rast konkurencieschopnosti. Rozvoj cestovného ruchu. Operačný program Základná infraštruktúra. Priority miestnej infraštruktúry. Rozvoj environmentálnej štruktúry...

Descrizione completa

Salvato in:
Dettagli Bibliografici
Natura: Capitolo di libro
Lingua:slovacco
Soggetti:
Tags: Aggiungi Tag
Nessun Tag, puoi essere il primo ad aggiungerne!!

MARC

LEADER 00000naa$a2200000$$$4500
001 0087853
005 20231013072524.8
041 0 |a slo 
044 |a SK 
245 1 0 |a Operačný program rozvoja vidieka 
520 |a Štruktúra plánu rozvoja vidieka. Národný rozvojový plán (NRP). Podpora produktívneho poľnohospodárstva. Trvalo udržateľný rozvoj vidieka. Rast konkurencieschopnosti. Rozvoj cestovného ruchu. Operačný program Základná infraštruktúra. Priority miestnej infraštruktúry. Rozvoj environmentálnej štruktúry. ERDF. Úroveň zamestnanosti. Sociálna izolácia. Úroveň vzdelanosti. Rozvoj politiky aktívneho trhu práce. Posilnenie sociálnej integrácie. Zvyšovanie kvalifikácie. Implementácia opatrení PRV. Predpokladaný ekonomický a sociálny dopad. 
610 2 0 |a vidiek 
610 2 0 |a programy rozvojové 
610 2 0 |a poľnohospodárstvo 
610 2 0 |a konkurencieschopnosť 
610 2 0 |a ruch cestovný 
610 2 0 |a infraštruktúra 
610 2 0 |a zamestnanosť 
610 2 0 |a vzdelanosť 
610 2 0 |a trh práce 
610 2 0 |a integrácia sociálna